Top 10 Most Viewed U.S. Presidents on Wikipedia - Statistics

General Stats
  • This quiz has been taken 1,719 times
  • The average score is 9 of 10
Answer Stats
Views President % Correct
226 m Donald Trump
99%
152 m Barack Obama
98%
57 m George Washington
97%
86 m Abraham Lincoln
94%
64 m George W. Bush
93%
78 m John F. Kennedy
86%
57 m Bill Clinton
85%
57 m Franklin D. Roosevelt
85%
75 m Joe Biden
85%
64 m Ronald Reagan
80%
No matching quizzes found
Score Distribution
Percent of People with Each Score
Percentile by Number Answered
Your Score History
You have not taken this quiz